000
00317cam a22001337a 4500
008
180718b1961 xxu||||| |||| 00| 0 eng d
082
_a
A6x52 D415
100
_a
Dening, Esler
245
_a
Japan
_c
by Esler Dening
260
_a
N.Y.
_b
Praeger
_c
1961
300
_a
263p.
500
_a
$1.85
650
_a
Japan - History
999
_c
363758
_d
363758